| 000 | 00395nam a2200169Ia 4500 | ||
|---|---|---|---|
| 001 | 21615 | ||
| 003 | IN-NITTTR | ||
| 005 | 20251114233245.0 | ||
| 008 | 251113s9999||||xx |||||||||||||| ||eng|| | ||
| 040 | _beng | ||
| 040 | _cIN-NITTTR | ||
| 041 | _aeng | ||
| 082 | _a621.3893 R869S | ||
| 100 | _aRumsey, Francis | ||
| 245 | 0 |
_aStereo sound for television. / _cRumsey, Francis |
|
| 942 |
_2ddc _cBK |
||
| 999 |
_c24245 _d24245 |
||